| 000 | 00506 a2200181 4500 | ||
|---|---|---|---|
| 003 | OSt | ||
| 005 | 20231103160429.0 | ||
| 008 | 231103b |||||||| |||| 00| 0 eng d | ||
| 020 | _a9789382934844 | ||
| 040 | _coclc | ||
| 082 |
_a894.8124 _bKOY/N |
||
| 100 |
_a Koya, C H Muhammed _91956 |
||
| 245 | _aNIYAMASABHA CHATTANGAL / C H MUHAMMED KOYA | ||
| 250 | _a2nd ed. | ||
| 260 |
_aKerala; _bOlive, _c2019. |
||
| 300 | _a106p | ||
| 942 |
_2ddc _cBK _h894.8124 _iKOY/N _k894.8124 _mKOY/N |
||
| 999 |
_c42804 _d42804 |
||